| 000 | 00722 a2200181 4500 | ||
|---|---|---|---|
| 999 |
_c6461 _d6461 |
||
| 020 | _a0540082643 | ||
| 050 | 0 | 0 | _aG 1021 PHI 2002 |
| 110 | 2 | _aGeorge Philip & Son. | |
| 245 | 1 | 0 |
_aPhilip's world traveller's atlas / _cin association with the Royal Geographical Society with the Institute of British Geographers ; [cartography by Philip's. |
| 264 |
_aLondon: _bOctopus Group _c2002 |
||
| 300 |
_a1 atlas (xvi, 32, 48, 224 p.) : _bcol. ill., col. maps ; |
||
| 500 | _aIncludes and index | ||
| 500 | _aIncludes and index. | ||
| 650 | 0 | _aAtlases | |
| 710 | 2 | _aRoyal Geographical Society (with The Institute of British Geographers) | |
| 942 |
_2lcc _cBK _h1021 _iPHI _kG |
||